| 000 | 05201nam a2200481 a 4500 | ||
|---|---|---|---|
| 001 | dia_4637 | ||
| 003 | CHAP | ||
| 005 | 20241025130526.0 | ||
| 007 | ta | ||
| 008 | 220117s2010 mx ad frm 001 0 spa d | ||
| 010 | _a175313 | ||
| 040 |
_amxchpua _cCHAP |
||
| 041 | 0 |
_aspa _beng |
|
| 090 |
_aTesis _bM37 _c2010 |
||
| 100 | 1 | _aMartínez Díaz, Paola Lizbeth | |
| 245 | 1 | 0 |
_aIdentificación de trigo Cristalinos (triticumdurum) con alto contenido de caratenoides y lipoxigenasa / _cPaola Lizbeth Martínez Díaz y Alejandro Ramos Cortes |
| 264 |
_aChapingo, México : _bEl autor, _c2010 |
||
| 300 |
_a91 hojas : _bilustraciones, tablas, Diagramas, Gráficas + _e1 CD-ROM |
||
| 336 |
_2rdacontent _atexto _btxt |
||
| 337 |
_2rdamedia _ano mediado _bn |
||
| 338 |
_2rdacarrier _avolumen _bnc |
||
| 502 |
_aTesis _b(Ingeniero Agroindustrial) -- _cUACh. Departamento de Ingeniería Agroindustrial, _d2010 |
||
| 504 | _aBibliografía : hojas 85-91 | ||
| 520 | 3 | _aDebido a la necesidad de obtener pastas alimenticias con un color amarillo natural, para reducir el uso de colorantes artificiales, se procedió a diseñar un estudio de genotipos de trigo cristalino, incluyendo seis variedades y seis líneas avanzadas del Programa de Mejoramiento Genético de Trigo de Riego del Instituto Nacional de Investigaciones Agrícolas (INIFAP), con mayor pigmentación amarilla acentuando en los factores que intervienen en ella, que indagando en literatura se encontraron como posibles responsables a las enzimas lipoxigenasa y polifenolxidasa. El procedimiento experimental consistió en el análisis físico del grano de trigo cristalino, contenido de carotenoides y determinación de la actividad de lipoxigenasa y polifenoloxidasa sobre el producto obtenido de la molienda de trigo cristalino en condiciones ambientales de la Universidad Autónoma Chapingo, México, donde se encontró una gran similitud en los parámetros físicos y componentes del grano de todos los genotipos, identificando la línea 569 y la variedad Patronato Oro C2008 como las que obtuvieron menor actividad enzimática, mayor contenido de carotenoides y mayor pigmentación amarilla. Todo lo anterior se estableció a partir de métodos experimentales que fueron probados y ajustados para las determinaciones de actividad enzimática específicas. Se confirmo la relación inversamente proporcional de la actividad enzimática de lipoxigenasa y polifenoloxidasa con el contenido de carotenoides. Realizando un análisis de varianza sobre todas las variables estudiadas, es claro observar que el valor de L en la escala de color Hunter Lab en semolina de trigo cristalino es no significativamente diferente en los todos genotipos, mientras que el resto de las variables si lo es. | |
| 520 | 3 | _aDue to the need for pasta with a natural yellow color to reduce the use of artificial coloring, we designed a study of crystal clear wheat Genotypes, including six varieties and six advanced lines through the Irrigated Wheat Breeding Program of the National Institute for Agricultural Research (Programa de Mejoramiento Genético de Trigo de Riego del Instituto Nacional de Investigaciones Agrícolas que por sus siglas es INIFAP) with higher yellow pigmentation, thus, highlighting the factors involved in it. According to literature we find lipoxygenase and polyphenoloxidase enzymes as potential responsible for this effect. The experimental procedure required physical analysis of crystal clear wheat grain taken from carotenoid; and it was necessary to determine the activity of lipoxygenase and polyphenoloxidase on the product taken from a crystal clear wheat milling at environmental conditions at Universidad Autónoma Chapingo, México, where a great similarity was found in all physical grain constraints and components in all genotypes, hence identifying the line 569 and variety Patronato Oro C2008 as those with a lower enzyme activity, higher carotenoid content and higher yellow pigment. All of this was established based on experimental methods, tested and adjusted to the specific enzymatic activity determinations. We confirmed the inverse rapport of enzyme activity between lipoxygenase and polyphenoloxidase and carotenoid content. By performing a variance analysis on all variables studied, we realize that “L” value in the Hunter Lab color scale in crystal clear wheat semolina is not significantly different in all genotypes, while in the rest of the variables it is. | |
| 650 | 1 | 3 |
_aTrigo _2atg _xVariedades |
| 650 | 1 | 3 |
_aPolifenoles _2atg |
| 650 | 1 | 3 |
_aLipoxigenasas _2atg |
| 650 | 1 | 3 |
_aCarotenoides _2atg |
| 650 | 1 | 3 |
_aWheat _2atg _xVarieties |
| 650 | 1 | 3 |
_aPolyphenols _2atg |
| 650 | 1 | 3 |
_aCarotenoids _2atg |
| 650 | 1 | 3 |
_aLipoxygenases _2atg |
| 700 | 1 |
_aRamos Cortés, Alejandro _eautor |
|
| 700 | 1 |
_aPérez Herrera, Patricia _edirectora |
|
| 700 | 1 |
_aBuendía González, María Ofelia _easesora |
|
| 700 | 1 |
_aEsparza Torres, Félix _easesor |
|
| 856 | 4 | 1 |
_uhttp://10.13.5.2/tesis/110427.pdf _yDESCARGAR PDF |
| 901 | _aTESIS M37 2010 | ||
| 902 | _aM | ||
| 905 | _a0000002010 mx a m 0000000000spa00 | ||
| 942 |
_cTESIS _2Clasificación Universidad Autónoma Chapingo |
||
| 999 |
_c175313 _d175313 |
||